| 000 | 01067cam a2200313 i 4500 | ||
|---|---|---|---|
| 999 |
_c6948 _d6948 |
||
| 001 | 18822204 | ||
| 003 | GZU | ||
| 005 | 20210504091650.0 | ||
| 008 | 151019s2016 nyua 001 0 eng | ||
| 010 | _a 2015038750 | ||
| 020 | _a9780273724087 | ||
| 040 |
_aDLC _beng _cDLC _erda _dDLC |
||
| 042 | _apcc | ||
| 050 | 0 | 0 |
_aHD 58.7 _b.MUL 2010 |
| 100 | 1 |
_aMullins, Laurie J. _eauthor |
|
| 245 | 1 | 0 |
_aManagement & organisational behaviour / _cLaurie J. Mulllins, with Gill Christy |
| 246 | 1 | _aManagement and organisational behaviour | |
| 250 | _aNinth Edition. | ||
| 264 | 1 |
_aHarlow, England ; _aNew York : _bPearson, _c2010. |
|
| 300 |
_axxxii, 860 pages : _bcolor illustrations ; _c27 cm |
||
| 336 |
_atext _2rdacontent |
||
| 337 |
_aunmediated _2rdamedia |
||
| 338 |
_avolume _2rdacarrier |
||
| 500 | _aIncludes index. | ||
| 650 | 0 | _aOrganizational behavior. | |
| 906 |
_a7 _bcbc _corignew _d1 _eecip _f20 _gy-gencatlg |
||
| 942 |
_2lcc _cBK _e10th ed. _h58.7 _iMUL _kHD |
||